000 00761cam a22002411 4500
999 _c130500
_d130500
001 6526139
005 20201015120607.0
008 741004s1956 inua 000 1 eng
010 _a 56007605
035 _a(OCoLC)1030781
040 _aDLC
_cMBU
_dOCoLC
_dDLC
041 1 _aeng
_hger
042 _apremarc
050 0 0 _aPZ4.H469
_bC7
100 1 _aHeinrich, Willi,
_d1920-
_949871
245 1 4 _aThe cross of iron.
_cTranslated from the German by Richard and Clara Winston.
260 _aIndianapolis,
_bBobbs-Merrill
_c[1956]
300 _a456 p.
_billus. 22 cm.
500 _aTranslation of Das geduldige Fleisch.
650 0 _aWorld War, 1939-1945
_vFiction.
_927050
906 _a7
_bcbc
_coclcrpl
_du
_encip
_f19
_gy-gencatlg
942 _2lcc
_cMONOGRAPH